[Event "Druga liga Centralne Srbije 2010 - zapad"]
[Site "?"]
[Date "2010.10.16"]
[Round "10.2"]
[White "Lukic, Dragan M"]
[Black "Milosavljevic, Zoran"]
[Result "1/2-1/2"]
[WhiteElo "2283"]
[BlackElo "2205"]
[PlyCount "24"]
[EventDate "2010.09.12"]

1. e4 c5 2. Nf3 Nc6 3. d4 cxd4 4. Nxd4 Qc7 5. Nc3 e6 6. f4 a6 7. Be3 Be7 8. Qf3
d6 9. Bd3 Nf6 10. O-O O-O 11. Qg3 Nh5 12. Qf3 Nf6 1/2-1/2

[Event "Druga liga Centralne Srbije 2010 - zapad"]
[Site "?"]
[Date "2010.10.16"]
[Round "10.2"]
[White "Djakovac, Enes"]
[Black "Vencl, Radivoje"]
[Result "1/2-1/2"]
[WhiteElo "2210"]
[BlackElo "2308"]
[PlyCount "30"]
[EventDate "2010.09.12"]

1. e4 d5 2. exd5 Qxd5 3. Nc3 Qd8 4. d4 c6 5. Nf3 Nf6 6. Bc4 Bf5 7. O-O e6 8. h3
Be7 9. Re1 O-O 10. Nh4 Bg6 11. Nxg6 hxg6 12. Ne4 Nxe4 13. Rxe4 Nd7 14. Re1 Bd6
15. Qg4 Nf6 1/2-1/2

[Event "Druga liga Centralne Srbije 2010 - zapad"]
[Site "?"]
[Date "2010.10.16"]
[Round "10.2"]
[White "Zenunovic, Hafiz"]
[Black "Raicevic, Momcilo"]
[Result "0-1"]
[WhiteElo "2037"]
[BlackElo "2348"]
[PlyCount "33"]
[EventDate "2010.09.12"]

1. e4 g6 2. d4 c6 3. Nf3 d5 4. e5 Bg7 5. h3 f6 6. Bf4 fxe5 7. Nxe5 Nf6 8. Bd3
O-O 9. Nd2 Qb6 10. Nb3 Ne4 11. Bxe4 Rxf4 12. Bf3 Bxe5 13. dxe5 Nd7 14. e6 Ne5
15. Qe2 Nxf3+ 16. gxf3 Rf6 17. O-O-O 0-1

[Event "Druga liga Centralne Srbije 2010 - zapad"]
[Site "?"]
[Date "2010.10.16"]
[Round "10.3"]
[White "Andjelic, Stevan"]
[Black "Djokovic, Nebojsa"]
[Result "1/2-1/2"]
[WhiteElo "2109"]
[BlackElo "2153"]
[PlyCount "20"]
[EventDate "2010.09.12"]

1. e4 e5 2. Nf3 Nc6 3. d4 d6 4. dxe5 Nxe5 5. Nxe5 dxe5 6. Qxd8+ Kxd8 7. Be3 Be6
8. Nd2 c6 9. Bc4 Bxc4 10. Nxc4 f6 1/2-1/2

[Event "Druga liga Centralne Srbije 2010 - zapad"]
[Site "?"]
[Date "2010.10.16"]
[Round "10.1"]
[White "Sadikovic, Samir"]
[Black "Kostic, Vladimir G"]
[Result "0-1"]
[WhiteElo "2188"]
[BlackElo "2427"]
[PlyCount "96"]
[EventDate "2010.09.12"]

1. e4 c5 2. Nf3 Nc6 3. d4 cxd4 4. Nxd4 e5 5. Nb3 Nf6 6. Nc3 Bb4 7. Bc4 O-O 8.
f3 Na5 9. Bd5 Nxd5 10. Qxd5 d6 11. Qb5 Nc6 12. Bd2 a6 13. Qe2 Be6 14. Nd5 Bxd5
15. exd5 Bxd2+ 16. Qxd2 Ne7 17. g4 a5 18. h4 a4 19. Nc1 Qb6 20. b4 Qb5 21. Ne2
Nxd5 22. a3 Rac8 23. O-O Qb6+ 24. Rf2 Ne3 25. c3 d5 26. Re1 f5 27. Ng3 f4 28.
Nf5 Rxf5 29. gxf5 Rd8 30. Kh1 Qf6 31. Rxe3 fxe3 32. Qxe3 Qxh4+ 33. Rh2 Qf6 34.
f4 Qxf5 35. Qxe5 Qxe5 36. fxe5 Re8 37. b5 Rxe5 38. Rh4 Re1+ 39. Kg2 Rb1 40.
Rxa4 Rxb5 41. Ra7 Rb3 42. a4 h6 43. a5 Kh7 44. Kf2 h5 45. Ke2 h4 46. Kf2 Kh6
47. Kg2 g5 48. Ra8 Rxc3 0-1

[Event "Druga liga Centralne Srbije 2010 - zapad"]
[Site "?"]
[Date "2010.10.16"]
[Round "10.1"]
[White "Ilic, Dragan M"]
[Black "Vizlina, Branisa"]
[Result "1-0"]
[WhiteElo "2367"]
[BlackElo "2036"]
[PlyCount "63"]
[EventDate "2010.09.12"]

1. d4 Nf6 2. c4 c5 3. d5 b5 4. cxb5 a6 5. bxa6 Bxa6 6. Nc3 g6 7. g3 d6 8. e4
Bxf1 9. Kxf1 Bg7 10. Kg2 O-O 11. Nge2 Nbd7 12. h3 Qb8 13. Qc2 Qb4 14. Rd1 Rfb8
15. Rb1 Ra7 16. b3 Qb7 17. a4 Nb6 18. b4 cxb4 19. Rxb4 Qc8 20. Nd4 Rc7 21. Nc6
Rxc6 22. dxc6 Qxc6 23. Qb3 Rc8 24. Rxb6 Qxc3 25. Qxc3 Rxc3 26. Rb8+ Bf8 27. Bb2
Rc4 28. Bxf6 exf6 29. Ra8 Rxe4 30. a5 Kg7 31. a6 d5 32. Rxf8 1-0

[Event "Druga liga Centralne Srbije 2010 - zapad"]
[Site "?"]
[Date "2010.10.16"]
[Round "10.1"]
[White "Rihterovic, Milan"]
[Black "Kahrovic, Mersid"]
[Result "0-1"]
[WhiteElo "2242"]
[BlackElo "2275"]
[PlyCount "56"]
[EventDate "2010.09.12"]

1. d4 Nf6 2. c4 e6 3. Nc3 Bb4 4. e3 O-O 5. Bd3 b6 6. Nf3 Bb7 7. O-O d5 8. cxd5
exd5 9. Ne5 Nbd7 10. f4 Ne4 11. Nxe4 dxe4 12. Bc4 Bd6 13. b4 Qe7 14. a3 a6 15.
Bd2 b5 16. Bb3 Nb6 17. Qc2 Kh8 18. Qa2 Bxe5 19. fxe5 f5 20. Rac1 Rad8 21. Rc5
f4 22. exf4 Rxd4 23. Bc3 Rd3 24. e6 Nc4 25. Be5 Nxe5 26. Rxe5 e3 27. Rg5 Rd2
28. Qb1 Qxg5 0-1

[Event "Druga liga Centralne Srbije 2010 - zapad"]
[Site "?"]
[Date "2010.10.16"]
[Round "10.1"]
[White "Dumic, Marko"]
[Black "Milosevic, Slavisa"]
[Result "1/2-1/2"]
[WhiteElo "2250"]
[BlackElo "2280"]
[PlyCount "31"]
[EventDate "2010.09.12"]

1. d4 f5 2. c4 Nf6 3. Nc3 g6 4. g3 Bg7 5. Bg2 O-O 6. Qb3 Nc6 7. Nf3 Ne4 8. e3
Nxc3 9. Qxc3 e5 10. Nxe5 Nxe5 11. dxe5 d6 12. O-O dxe5 13. Qc2 Qe7 14. Bd2 c6
15. Rfd1 Be6 16. b3 1/2-1/2

[Event "Druga liga Centralne Srbije 2010 - zapad"]
[Site "?"]
[Date "2010.10.16"]
[Round "10.1"]
[White "Gosic, Bogdan"]
[Black "Brajovic, Miroljub"]
[Result "1/2-1/2"]
[WhiteElo "2316"]
[BlackElo "2139"]
[PlyCount "89"]
[EventDate "2010.09.12"]

1. e4 d5 2. exd5 Nf6 3. c4 c6 4. d4 cxd5 5. Nc3 Nc6 6. Nf3 e6 7. c5 Ne4 8. Bb5
Nxc3 9. bxc3 Bd7 10. O-O Be7 11. Rb1 O-O 12. Qc2 b6 13. cxb6 axb6 14. Bd3 g6
15. Qb3 Qc7 16. Qxb6 Qxb6 17. Rxb6 Rxa2 18. Rb7 Ra7 19. Rxa7 Nxa7 20. Bh6 Rc8
21. Ra1 Nc6 22. h4 Bf6 23. Bf4 h5 24. Bb5 Bg7 25. Ng5 f6 26. Nf3 Be8 27. Ra6
Nb8 28. Rxe6 Bxb5 29. Rb6 Be2 30. Rxb8 Rxb8 31. Bxb8 Bxf3 32. gxf3 Kf7 33. Kf1
Ke6 34. Bg3 Bh6 35. Ke2 g5 36. Kd3 gxh4 37. Bxh4 Bg5 38. Bg3 h4 39. f4 hxg3 40.
fxg3 Bh6 41. c4 dxc4+ 42. Kxc4 Kd6 43. d5 f5 44. Kd4 Bg7+ 45. Ke3 1/2-1/2

[Event "Druga liga Centralne Srbije 2010 - zapad"]
[Site "?"]
[Date "2010.10.16"]
[Round "10.1"]
[White "Mrsevic, Miroslav"]
[Black "Zivkovic, Vladislav"]
[Result "1/2-1/2"]
[WhiteElo "2310"]
[BlackElo "2222"]
[PlyCount "72"]
[EventDate "2010.09.12"]

1. e4 c6 2. Nf3 d5 3. exd5 cxd5 4. Ne5 Nd7 5. Bb5 a6 6. Bxd7+ Bxd7 7. O-O Nf6
8. d4 Bf5 9. Re1 e6 10. g4 Bg6 11. h4 Nd7 12. Nxd7 Kxd7 13. h5 Qh4 14. hxg6
hxg6 15. Qf3 Bd6 16. c4 Rae8 17. c5 Bc7 18. Nc3 g5 19. Be3 Kc8 20. Kf1 f5 21.
gxf5 g4 22. Qg2 exf5 23. f4 gxf3 24. Qxf3 Bg3 25. Qxf5+ Kb8 26. Ke2 Bxe1 27.
Nxd5 Rhf8 28. Qd7 Bf2 29. Qd6+ Ka7 30. Qb6+ Ka8 31. c6 Rxe3+ 32. Nxe3 Qh5+ 33.
Kd3 Qg6+ 34. Ke2 Qh5+ 35. Kd3 Qg6+ 36. Ke2 Qh5+ 1/2-1/2

[Event "Druga liga Centralne Srbije 2010 - zapad"]
[Site "?"]
[Date "2010.10.16"]
[Round "10.4"]
[White "Radibratovic, Predrag"]
[Black "Djuric, Zoran"]
[Result "1/2-1/2"]
[WhiteElo "2359"]
[BlackElo "2239"]
[PlyCount "38"]
[EventDate "2010.09.12"]

1. d4 d5 2. Nf3 Nf6 3. Bf4 e6 4. e3 c5 5. c3 Qb6 6. Qc2 cxd4 7. exd4 Nc6 8.
Nbd2 Bd7 9. Qb3 Be7 10. Bd3 Nh5 11. Qxb6 axb6 12. Bc7 Bd8 13. Bg3 Nxg3 14. hxg3
h6 15. Ne5 Bc7 16. f4 Bxe5 17. fxe5 Ke7 18. O-O f5 19. Kf2 Rhc8 1/2-1/2

[Event "Druga liga Centralne Srbije 2010 - zapad"]
[Site "?"]
[Date "2010.10.16"]
[Round "10.4"]
[White "Milosevic, Zoran"]
[Black "Rikalovic, Milan"]
[Result "1-0"]
[WhiteElo "2281"]
[BlackElo "2098"]
[PlyCount "79"]
[EventDate "2010.09.12"]

1. d4 d5 2. c4 c6 3. Nf3 Nf6 4. Nc3 g6 5. Bg5 Bg7 6. e3 O-O 7. Qb3 e6 8. Bd3
Nbd7 9. O-O h6 10. Bh4 g5 11. Bg3 Nh5 12. Bd6 Re8 13. cxd5 exd5 14. a4 Ndf6 15.
Be5 Nd7 16. Bxg7 Nxg7 17. e4 dxe4 18. Nxe4 Nf6 19. Nxf6+ Qxf6 20. Rfe1 Rb8 21.
Rxe8+ Nxe8 22. Re1 Be6 23. Bc4 Bxc4 24. Qxc4 Nd6 25. Qc5 a6 26. Ne5 Rd8 27. h4
Qf5 28. Qb6 Qc8 29. Qb3 Kg7 30. hxg5 hxg5 31. Nf3 Qf5 32. Qb4 g4 33. Nh4 Qf6
34. g3 Rd7 35. d5 Qg5 36. dxc6 bxc6 37. Qc3+ Qf6 38. Qxc6 Re7 39. Rxe7 Qxe7 40.
Qxd6 1-0

[Event "Druga liga Centralne Srbije 2010 - zapad"]
[Site "?"]
[Date "2010.10.16"]
[Round "10.4"]
[White "Pecinar, Zoran"]
[Black "Rikalovic, Dimitrije"]
[Result "1/2-1/2"]
[WhiteElo "2166"]
[BlackElo "1955"]
[PlyCount "70"]
[EventDate "2010.09.12"]

1. c4 Nf6 2. Nc3 g6 3. e4 d6 4. d4 Bg7 5. Nf3 O-O 6. g3 e5 7. d5 Nbd7 8. Bg2
Nc5 9. Qc2 a5 10. O-O Nh5 11. Be3 Na6 12. a3 f5 13. exf5 gxf5 14. Ng5 Qe8 15.
Rfd1 e4 16. Nh3 Bd7 17. Ne2 Ba4 18. b3 Bxa1 19. Rxa1 Bd7 20. Bd4 Nc5 21. Rd1
Nd3 22. Qd2 Qg6 23. Nhf4 Nhxf4 24. Nxf4 Nxf4 25. Qxf4 b6 26. a4 Rae8 27. h3 h5
28. Bf1 Re7 29. Be3 Rh7 30. h4 Qg4 31. Rd2 Qxf4 32. Bxf4 Kf7 33. Be2 Kg6 34.
Bd1 Re8 35. Kf1 Rg7 1/2-1/2

[Event "Druga liga Centralne Srbije 2010 - zapad"]
[Site "?"]
[Date "2010.10.16"]
[Round "10.4"]
[White "Tadic, Dragan"]
[Black "Obradovic, Vasilije"]
[Result "1/2-1/2"]
[WhiteElo "2048"]
[BlackElo "2092"]
[PlyCount "86"]
[EventDate "2010.09.12"]

1. e4 c5 2. Nf3 d6 3. d4 cxd4 4. Nxd4 a6 5. c4 g6 6. Bd2 Bg7 7. Bc3 Nf6 8. Bd3
O-O 9. O-O Nc6 10. Bc2 Qb6 11. Nxc6 Qxc6 12. Qe2 Be6 13. Nd2 Rac8 14. Bd3 Nd7
15. Bxg7 Kxg7 16. b3 Qb6 17. Kh1 f6 18. Rad1 Qb4 19. f4 Nc5 20. Bb1 b5 21. cxb5
Qxb5 22. Qe3 a5 23. Nf3 Qb4 24. Nd4 Bg4 25. Rde1 Bd7 26. e5 dxe5 27. fxe5 Qb7
28. h3 Qd5 29. exf6+ exf6 30. Ne2 Rce8 31. Qg3 f5 32. Nf4 Qd2 33. Rd1 Qb2 34.
Rf2 Qa1 35. Rfd2 Bc6 36. Qf2 Qe5 37. Nd5 Bxd5 38. Rxd5 Ne4 39. Bxe4 fxe4 40.
Qa7+ Rf7 41. Qxa5 Qf6 42. Qe1 e3 43. Qe2 Qf2 1/2-1/2

[Event "Druga liga Centralne Srbije 2010 - zapad"]
[Site "?"]
[Date "2010.10.16"]
[Round "10.4"]
[White "Savic, Petar A"]
[Black "Jovic, Miodrag"]
[Result "0-1"]
[WhiteElo "2053"]
[BlackElo "2212"]
[PlyCount "118"]
[EventDate "2010.09.12"]

1. e4 Nc6 2. d4 d6 3. c4 Nf6 4. Nc3 g6 5. h3 Bg7 6. Nf3 O-O 7. Bd3 e5 8. d5 Nb8
9. Be3 Nbd7 10. Qd2 Re8 11. O-O b6 12. a4 a5 13. Nb5 Nh5 14. Rfc1 Nc5 15. Bxc5
dxc5 16. Bf1 Bf8 17. Ra3 Bd7 18. Rd1 Bxb5 19. cxb5 Bd6 20. g3 Kg7 21. Be2 h6
22. Nh4 Nf6 23. Qe3 Nh7 24. Ng2 Qd7 25. h4 Nf6 26. Qf3 h5 27. Ne3 Rh8 28. Bf1
Raf8 29. Kh2 Ng4+ 30. Nxg4 hxg4 31. Qe3 f5 32. exf5 gxf5 33. Qg5+ Kf7 34. Kg1
e4 35. Bg2 Rfg8 36. Qe3 Ke8 37. Qc3 Qe7 38. Raa1 Kd7 39. Re1 Be5 40. Qd2 Kd6
41. Rac1 Qf6 42. b3 Re8 43. Rc4 Bd4 44. Qf4+ Qe5 45. Qxe5+ Rxe5 46. Rc2 Kxd5
47. Kf1 c6 48. bxc6 Kxc6 49. Rd1 Rd5 50. Ke2 Rhd8 51. Rh1 R5d6 52. Rb1 Kd7 53.
Rd1 Ke6 54. Kf1 Ke5 55. Rcd2 f4 56. gxf4+ Kxf4 57. Ke2 Rh8 58. Rh1 Rdh6 59. Kd1
Rxh4 0-1

[Event "Druga liga Centralne Srbije 2010 - zapad"]
[Site "?"]
[Date "2010.10.16"]
[Round "10.4"]
[White "Ilic, Zoran B"]
[Black "Pavlovic, Dejan S"]
[Result "0-1"]
[WhiteElo "2173"]
[BlackElo "2422"]
[PlyCount "98"]
[EventDate "2010.09.12"]

1. e4 c5 2. Nf3 Nc6 3. g3 d5 4. exd5 Qxd5 5. Bg2 Qe4+ 6. Kf1 Bf5 7. d3 Qe6 8.
Nc3 Rc8 9. Bf4 Nf6 10. Qd2 Qd7 11. Re1 e6 12. Ne5 Nxe5 13. Bxe5 Be7 14. h3 O-O
15. g4 Bg6 16. f3 Nd5 17. h4 f6 18. Bg3 Nxc3 19. bxc3 Bd6 20. Bf2 e5 21. c4 Bf7
22. h5 Rce8 23. Be3 f5 24. g5 f4 25. g6 hxg6 26. hxg6 Bxg6 27. Bf2 b6 28. Bh4
Kf7 29. Bh3 Bf5 30. Bxf5 Qxf5 31. Qg2 Rh8 32. Ke2 Rh5 33. Reg1 g6 34. Bf2 Reh8
35. Rxh5 Rxh5 36. a4 Be7 37. Be1 Bh4 38. a5 Rg5 39. Qh1 Rxg1 40. Qxg1 Bxe1 41.
Qxe1 Qh3 42. Qg1 Kf6 43. c3 g5 44. axb6 axb6 45. d4 exd4 46. cxd4 Qe6+ 47. Kd3
Qf5+ 48. Kd2 Qd7 49. d5 Qa4 0-1

[Event "Druga liga Centralne Srbije 2010 - zapad"]
[Site "?"]
[Date "2010.10.16"]
[Round "10.5"]
[White "Dumpor, Atif"]
[Black "Milosevic, Boban"]
[Result "1-0"]
[WhiteElo "2391"]
[BlackElo "2293"]
[PlyCount "51"]
[EventDate "2010.09.12"]

1. Nf3 Nf6 2. c4 e6 3. Nc3 d5 4. d4 Be7 5. Bg5 Nbd7 6. e3 c6 7. Bd3 O-O 8. Qc2
a6 9. c5 h6 10. Bh4 Re8 11. b4 e5 12. dxe5 Ng4 13. Bg3 Bf8 14. e6 fxe6 15. h3
Ngf6 16. Bg6 e5 17. Bxe8 Qxe8 18. O-O e4 19. Nd4 Ne5 20. Na4 Nc4 21. Nb2 Ne5
22. Na4 Nc4 23. a3 b5 24. Nb6 Nxb6 25. cxb6 h5 26. f4 1-0

[Event "Druga liga Centralne Srbije 2010 - zapad"]
[Site "?"]
[Date "2010.10.16"]
[Round "10.5"]
[White "Jocic, Miomir"]
[Black "Zecevic, Igor"]
[Result "1/2-1/2"]
[WhiteElo "1983"]
[BlackElo "1867"]
[PlyCount "22"]
[EventDate "2010.09.12"]

1. c4 c5 2. Nc3 Nc6 3. Nf3 g6 4. e3 Bg7 5. Be2 d6 6. O-O e5 7. b3 Nge7 8. Bb2
O-O 9. Qc2 Bf5 10. d3 Rc8 11. a3 a6 1/2-1/2

[Event "Druga liga Centralne Srbije 2010 - zapad"]
[Site "?"]
[Date "2010.10.16"]
[Round "10.5"]
[White "Mirkovic, Stevan"]
[Black "Rancic, Zoran"]
[Result "1-0"]
[WhiteElo "2217"]
[BlackElo "2177"]
[PlyCount "59"]
[EventDate "2010.09.12"]

1. Nf3 Nf6 2. c4 b6 3. g3 Bb7 4. Bg2 e5 5. O-O d6 6. Nc3 Be7 7. d4 exd4 8. Qxd4
O-O 9. b3 Re8 10. Bb2 Bf8 11. Rfe1 Nbd7 12. Nd5 Bxd5 13. cxd5 a5 14. Rac1 Nc5
15. Nh4 Qd7 16. e4 Red8 17. Nf5 Ne8 18. Bh3 Kh8 19. Nxg7 Bxg7 20. Bxd7 Bxd4 21.
Bxd4+ Kg8 22. Bc6 Rab8 23. Rcd1 f6 24. f4 Kf7 25. e5 fxe5 26. fxe5 dxe5 27.
Rxe5 Nd6 28. Rf1+ Kg6 29. h4 Rf8 30. Rg5+ 1-0

[Event "Druga liga Centralne Srbije 2010 - zapad"]
[Site "?"]
[Date "2010.10.16"]
[Round "10.5"]
[White "Trpkovic, Miroljub"]
[Black "Kurcubic, Aleksandar"]
[Result "0-1"]
[WhiteElo "2033"]
[BlackElo "2308"]
[PlyCount "93"]
[EventDate "2010.09.12"]

1. e4 e5 2. Bc4 Nc6 3. c3 Nf6 4. d3 Be7 5. Ne2 O-O 6. O-O d6 7. Ng3 a6 8. Bb3
Be6 9. Re1 Re8 10. Nd2 Bf8 11. Ndf1 h6 12. Ne3 d5 13. Nh5 dxe4 14. Nxf6+ Qxf6
15. Bxe6 Qxe6 16. dxe4 Rad8 17. Qe2 Rd7 18. Nf5 Kh7 19. b3 Red8 20. Be3 g6 21.
Ng3 Rd3 22. Rad1 Qd7 23. Rxd3 Qxd3 24. Qf3 Rd7 25. Ne2 Kg8 26. Qg4 h5 27. Qf3
Nd8 28. g3 Ne6 29. Kg2 Bc5 30. Bxc5 Nxc5 31. Nc1 Qc2 32. h4 Kg7 33. Qe3 Nd3 34.
Nxd3 Rxd3 35. Rc1 Rxe3 36. Rxc2 Rd3 37. f3 f5 38. Kf2 Kf6 39. c4 b5 40. Re2 f4
41. gxf4 exf4 42. Rc2 Rd4 43. Re2 a5 44. Rc2 Ke5 45. Re2 a4 46. Rb2 a3 47. Re2
0-1

[Event "Druga liga Centralne Srbije 2010 - zapad"]
[Site "?"]
[Date "2010.10.16"]
[Round "10.5"]
[White "Musovic, Sabrija"]
[Black "Avramovic, Zoran"]
[Result "1-0"]
[WhiteElo "2146"]
[BlackElo "2234"]
[PlyCount "83"]
[EventDate "2010.09.12"]

1. e4 e5 2. Nf3 Nf6 3. Nc3 Nc6 4. Bb5 Nd4 5. O-O Nxb5 6. Nxb5 d6 7. d4 exd4 8.
Qxd4 a6 9. Nc3 Be7 10. e5 dxe5 11. Qxe5 O-O 12. Rd1 Bd6 13. Qd4 Bf5 14. Bf4
Bxc2 15. Bxd6 Bxd1 16. Bxf8 Bxf3 17. Qxd8 Rxd8 18. Be7 Rd2 19. gxf3 Rxb2 20.
Rd1 h5 21. Rd8+ Kh7 22. Bxf6 gxf6 23. Rd7 b5 24. Rxf7+ Kg6 25. Rxc7 b4 26. Nd5
a5 27. Ra7 Rxa2 28. Nxb4 Ra4 29. Nd5 Ra1+ 30. Kg2 Kf5 31. Ra6 Ke5 32. Nxf6 h4
33. Ng4+ Kf4 34. Rf6+ Kg5 35. h3 Ra4 36. Rc6 Ra1 37. Rc5+ Kg6 38. f4 a4 39. f5+
Kf7 40. Rc7+ Ke8 41. f6 Re1 42. Ra7 1-0

[Event "Druga liga Centralne Srbije 2010 - zapad"]
[Site "?"]
[Date "2010.10.16"]
[Round "10.5"]
[White "Mircic, Ivan"]
[Black "Tasic, Vladimir"]
[Result "0-1"]
[WhiteElo "2245"]
[BlackElo "2235"]
[PlyCount "88"]
[EventDate "2010.09.12"]

1. Nf3 Nf6 2. c4 g6 3. g3 Bg7 4. Bg2 O-O 5. O-O d6 6. Nc3 c6 7. d3 Qa5 8. h3
Qh5 9. g4 Qa5 10. Bd2 Qc7 11. b4 h5 12. g5 Nfd7 13. b5 e5 14. bxc6 bxc6 15. Ne4
Na6 16. Be3 Rb8 17. Qa4 Rb4 18. Qa3 d5 19. cxd5 cxd5 20. Rac1 Qb8 21. Ng3 Qb5
22. Bd2 Ra4 23. Qb3 Qxb3 24. axb3 Ra2 25. b4 Bb7 26. b5 Nac5 27. Bb4 Rc8 28.
Rfe1 Ne6 29. Rxc8+ Bxc8 30. Rc1 Bb7 31. Nd2 Rb2 32. Rb1 Rxb1+ 33. Nxb1 h4 34.
Nf1 Nf4 35. Nc3 e4 36. Bd6 Nxg2 37. Nd1 exd3 38. exd3 Ne1 39. f4 Nxd3 40. Nd2
Bd4+ 41. Kf1 Bc5 42. Bc7 Nf8 43. Nb3 Bb6 44. Bxb6 axb6 0-1

[Event "Druga liga Centralne Srbije 2010 - zapad"]
[Site "?"]
[Date "2010.10.16"]
[Round "10.6"]
[White "Grubisic, Ilija"]
[Black "Begus, Drasko"]
[Result "0-1"]
[WhiteElo "2345"]
[BlackElo "2317"]
[PlyCount "68"]
[EventDate "2010.09.12"]

1. c4 g6 2. Nc3 Bg7 3. Nf3 Nf6 4. d4 O-O 5. e4 d6 6. Be2 e5 7. O-O Nc6 8. d5
Ne7 9. Ne1 Ne8 10. f3 f5 11. g4 f4 12. h4 Kh8 13. Rf2 Ng8 14. Rh2 Bf6 15. g5
Be7 16. Nd3 Ng7 17. Bd2 Nh5 18. Be1 h6 19. c5 hxg5 20. hxg5 Rf7 21. Rc1 Bxg5
22. Bf2 Rh7 23. cxd6 cxd6 24. Nb5 a6 25. Na7 Bd7 26. Qb3 Qe7 27. Kg2 Ng3 28.
Bxg3 fxg3 29. Rxh7+ Kxh7 30. Rh1+ Kg7 31. Qb6 Nf6 32. Kxg3 Nh5+ 33. Rxh5 gxh5
34. Qxb7 Be3 0-1

[Event "Druga liga Centralne Srbije 2010 - zapad"]
[Site "?"]
[Date "2010.10.16"]
[Round "10.6"]
[White "Bojanic, Bratislav"]
[Black "Ignjatovic, Predrag"]
[Result "1-0"]
[WhiteElo "2235"]
[BlackElo "2271"]
[PlyCount "68"]
[EventDate "2010.09.12"]

1. e4 e5 2. Nf3 Nc6 3. Bb5 a6 4. Ba4 Nf6 5. O-O Nxe4 6. d4 b5 7. Bb3 d5 8. dxe5
Be6 9. Qe2 Be7 10. Rd1 Qd7 11. c4 bxc4 12. Bxc4 O-O 13. Nc3 Nxc3 14. bxc3 Nb8
15. Bb3 c5 16. Bg5 Nc6 17. Rd2 Bxg5 18. Nxg5 Ne7 19. Qh5 h6 20. Ne4 Qc6 21.
Nf6+ Kh8 22. Rad1 Rad8 23. Bc2 Qc8 24. h3 d4 25. g4 dxc3 26. Rd6 Rxd6 27. exd6
Ng6 28. d7 Qd8 29. Ne4 Nf4 30. Qxc5 Rg8 31. Kh2 Bxg4 32. Nd6 Be6 33. Qe3 Qg5
34. Rg1 Qf6 1-0

[Event "Druga liga Centralne Srbije 2010 - zapad"]
[Site "?"]
[Date "2010.10.16"]
[Round "10.6"]
[White "Zivkovic, Dejan"]
[Black "Drcelic, Sreten"]
[Result "1-0"]
[WhiteElo "2281"]
[BlackElo "2233"]
[PlyCount "101"]
[EventDate "2010.09.12"]

1. d4 d6 2. c3 c6 3. Nf3 Nd7 4. Bf4 Qc7 5. e4 e5 6. Bg3 Ngf6 7. Nbd2 Nh5 8. Bc4
Nxg3 9. hxg3 Be7 10. Qe2 b5 11. Bb3 a6 12. Qe3 c5 13. dxe5 Nxe5 14. Bd5 Bb7 15.
Nxe5 dxe5 16. c4 Rd8 17. b3 Bc8 18. O-O h6 19. Rac1 b4 20. f4 Bg4 21. Nf3 Bxf3
22. Qxf3 Bf6 23. Rce1 O-O 24. Qh5 Rde8 25. Rf3 Re7 26. Kh1 Qd7 27. Ref1 Kh7 28.
R3f2 Ree8 29. Qf3 Re7 30. Rd1 Qc8 31. Qh5 g6 32. Qf3 Kg7 33. Rdf1 Qd7 34. Qe2
exf4 35. gxf4 Bd4 36. Rf3 Qg4 37. Qd3 f6 38. Rg3 Qh4+ 39. Rh3 Qg4 40. Rff3 Ree8
41. Qd2 Bc3 42. Qf2 Bd4 43. Qf1 Qd7 44. Rfg3 g5 45. Qd1 Rh8 46. e5 Qf5 47. fxg5
hxg5 48. exf6+ Bxf6 49. Rf3 Qe5 50. Kg1 Rxh3 51. Rxh3 1-0

[Event "Druga liga Centralne Srbije 2010 - zapad"]
[Site "?"]
[Date "2010.10.16"]
[Round "10.6"]
[White "Zivkovic, Sava"]
[Black "Sredojevic, Srdjan"]
[Result "1-0"]
[WhiteElo "2251"]
[BlackElo "2177"]
[PlyCount "114"]
[EventDate "2010.09.12"]

1. e4 c5 2. Nf3 d6 3. d4 cxd4 4. Nxd4 Nf6 5. Nc3 g6 6. g3 Bd7 7. Bg2 Nc6 8.
Nde2 Bg7 9. O-O O-O 10. h3 Qc8 11. Kh2 Rb8 12. a4 b6 13. Nd5 Ne8 14. Bg5 f6 15.
Be3 e6 16. Ndc3 a6 17. Qd2 Rf7 18. f4 Bf8 19. g4 Ng7 20. Nd4 Ne7 21. Nf3 Nc6
22. Rad1 Na5 23. b3 Qc7 24. Rc1 d5 25. Bd4 Bb4 26. Qe3 Nc6 27. Ne2 Nxd4 28.
Qxd4 Bc5 29. Qd3 dxe4 30. Qxe4 Bc6 31. Qc4 Bd5 32. Qc3 Qb7 33. Rcd1 Rc8 34. Qd3
Be4 35. Nh4 Bxd3 36. Bxb7 Rxb7 37. Rxd3 Be7 38. c3 Rd8 39. Rfd1 Rxd3 40. Rxd3
Kf7 41. Nf3 h6 42. Kg2 Rc7 43. h4 h5 44. g5 Nf5 45. Ng3 Nxg3 46. Kxg3 Rc6 47.
Kf2 Bd6 48. Ke3 e5 49. fxe5 fxe5 50. Ke4 Ke6 51. Nd2 Rc8 52. Rf3 Be7 53. Nc4
Rd8 54. Nxe5 Rf8 55. Nc6 Bd6 56. Rf6+ Kd7 57. Ne5+ Kc7 1-0

[Event "Druga liga Centralne Srbije 2010 - zapad"]
[Site "?"]
[Date "2010.10.16"]
[Round "10.6"]
[White "Ivanovic, Dragoslav"]
[Black "Savic, Dragan"]
[Result "1-0"]
[WhiteElo "2132"]
[BlackElo "2148"]
[PlyCount "120"]
[EventDate "2010.09.12"]

1. e4 e6 2. d4 d5 3. Nd2 dxe4 4. Nxe4 Bd7 5. Nf3 Bc6 6. Bd3 Nd7 7. O-O Ngf6 8.
Qe2 b6 9. Neg5 Bxf3 10. Nxf3 c5 11. Bg5 cxd4 12. Nxd4 Bc5 13. Nf3 O-O 14. Rad1
Qc7 15. g3 Be7 16. Bf4 Qc5 17. Ne5 Rfd8 18. Rfe1 Nf8 19. b4 Qc3 20. Bd2 Qc7 21.
b5 Bc5 22. Nc6 Re8 23. Bf4 Qc8 24. Be5 N8d7 25. Bb2 a6 26. a4 axb5 27. Bxb5 Qb7
28. Qf3 Kh8 29. Ne5 Qxf3 30. Nxf3 Red8 31. Rd3 Be7 32. Red1 Nc5 33. Rxd8+ Rxd8
34. Rxd8+ Bxd8 35. Ne5 Kg8 36. Bd4 Nb7 37. Nc4 Nd5 38. Bc6 Nc5 39. Nd6 Nb4 40.
Bb5 Nxc2 41. Bxc5 bxc5 42. Nb7 Bb6 43. a5 Ba7 44. Nd6 Na3 45. Ba4 Bb8 46. a6 c4
47. Nc8 c3 48. Ne7+ Kf8 49. Nc6 Nc4 50. Nxb8 Nb6 51. a7 Ke7 52. Bc2 Kd6 53. Kf1
f5 54. Ke2 Kc7 55. Kd3 Kb7 56. Kxc3 Kxa7 57. Nc6+ Kb7 58. Nd8+ Kc8 59. Nxe6 g6
60. Nf8 Nd5+ 1-0